La antigua china y la gran muralla / (Registro nro. 8727)

Detalles MARC
000 -LIDER
fixed length control field 00835nam a22002537a 4500
001 - NÚMERO DE CONTROL
Identificador de número de control 0074
003 - IDENTIFICACDOR DE NÚMERO DE CONTROL
control field DO-SdBNP
005 - DATE AND TIME OF LATEST TRANSACTION
control field 20171214092150.0
007 - CAMPOS FIJOS DE DESCRIPCIÓN FÍSICA
fixed length control field 0074
008 - ELEMENTOS DE LONGITUD FIJA
fixed length control field 151116b sp 1990 xxu||||| |||| 00| 0 spa d
020 ## - ISBN
International Standard Book Number 9788476005477
040 ## - FUENTE DE CATALOGACIÓN
Agencia que crea de manera original el registro BPMSU
Idioma de catalogación spa
Agencia que realiza la transcripción BPMSU
092 ## - LOCALLY ASSIGNED DEWEY DECIMAL CALL NUMBER
Número de clasificación xxxxxxxx
Número de ítem (Cutter) xxxxxxxx
100 10 - ASIENTO PRINCIPAL -- NOMBRE PERSONAL
Nombre personal Nancarrow, Peter
240 10 - TITULO UNIFORME
Título uniforme Early china and the wall
245 13 - MENCIÓN DE TITULO
Título La antigua china y la gran muralla /
Mención de responsabilidad Peter Nancarrow ; traducción Miguel Martínez Lage ; traducción Miguel Martínez Lage ; revisión Pedro López Barja de Quiroga
260 ## - PUBLICACIÓN, DISTRIBUCIÓN, ETC. (PIE DE IMPRENTA)
Lugar de publicación, distribución, etc España :
Nombre del editor, distribuidor, etc. Akal,
Fecha de publicación, distribución, etc 1990.
300 ## - DESCRIPCIÓN FÍSICA
Extensión 47 p. :
Otros detalles físicos il., map.
Dimensiones 20 cm.
700 10 - ASIENTO SECUNDARIO -- NOMBRE PERSONAL
Nombre personal Martínez Lage, Miguel,
Mención de responsabilidad tr.
700 10 - ASIENTO SECUNDARIO -- NOMBRE PERSONAL
Nombre personal Barja Quiroga, Pedro López,
Mención de responsabilidad rev.
942 ## - ADDED ENTRY ELEMENTS (KOHA)
Source of classification or shelving scheme Dewey Decimal Classification
Koha item type Libros
945 ## - INFORMACIÓN DE PROCESAMIENTO LOCAL
Información de procesamiento local inventariado extranjero / DG
956 ## - LOCAL ELECTRONIC LOCATION AND ACCESS (OCLC)
Nombre de host Brenda Tavárez
Existencias
Withdrawn status Lost status Source of classification or shelving scheme Damaged status Not for loan Collection code Home library Current library Date acquired Source of acquisition Total Checkouts Barcode Date last seen Price effective from Koha item type
    Dewey Decimal Classification       Biblioteca Pública Metropolitana Salomé Ureña Biblioteca Pública Metropolitana Salomé Ureña 11/16/2015 Donación   BPMSU15110285 11/16/2015 11/16/2015 Libros